Audiet et revision des comptes : (Record no. 62060)

MARC details
000 -LEADER
fixed length control field 00705nam a22002417a 4500
001 - CONTROL NUMBER
control field 00
003 - CONTROL NUMBER IDENTIFIER
control field 00
005 - DATE AND TIME OF LATEST TRANSACTION
control field 20220202112319.0
008 - FIXED-LENGTH DATA ELEMENTS--GENERAL INFORMATION
fixed length control field 220202b ||||| |||| 00| 0 eng d
020 ## - NUMERO INTERNATIONAL NORMALISE DES LIVRES
International Standard Book Number 978-99919-365-3-6
040 ## - SOURCE DU CATALOGAGE
Original cataloging agency BUAC
Language of cataloging BUC
Transcribing agency Fre
041 ## - CODE DE LANGUE
Language code of text/sound track or separate title Fre.
100 ## - VEDETTE PRINCIPALE - NOM DE PERSONNE
Relator code Ahouangansi, Evariste
245 ## - TITLE STATEMENT
Title Audiet et revision des comptes :
Remainder of title aspectes internationaux et espace OHAD
Statement of responsibility, etc A/ par Evariste Ahouangansi
250 ## - EDITION STATEMENT
Edition statement 3 édition
260 ## - PUBLICATION, DISTRIBUTION, ETC. (IMPRINT)
Place of publication, distribution, etc Cotonou-Lome :
Name of publisher, distributor, etc Edi. Mondexperts,
Date of publication, distribution, etc 2017
300 ## - PHYSICAL DESCRIPTION
Extent 1021 p.
500 ## - GENERAL NOTE
General note ANNEXES pp. 967
630 ## - SUBJECT ADDED ENTRY--UNIFORM TITLE
Uniform title SCIENCES APPLIQUEES -TECHNIQUES
650 ## - SUBJECT ADDED ENTRY--TOPICAL TERM
Topical term or geographic name as entry element COMPTABILITE
651 ## - SUBJECT ADDED ENTRY--GEOGRAPHIC NAME
Geographic name cours & 200 cas pratiques corrigés
942 ## - ADDED ENTRY ELEMENTS (KOHA)
Source of classification or shelving scheme Dewey Decimal Classification
Koha item type Libre Accès
Holdings
Withdrawn status Lost status Source of classification or shelving scheme Damaged status Not for loan Location (home branch) Sublocation or collection (holding branch) Date acquired Source of acquisition Coded location qualifier Koha issues (times borrowed) Koha full call number Piece designation (barcode) Koha date last seen Copy number Price effective from Koha item type Shelving location
    Dewey Decimal Classification     Bibliothèque Universitaire Centrale Bibliothèque Universitaire Centrale 02/02/2022 ACHAT 21/0290   657.451 OHO 21-0290 02/02/2022 1 02/02/2022 Libre Accès  
    Dewey Decimal Classification     Bibliothèque Universitaire Centrale Bibliothèque Universitaire Centrale 02/02/2022 ACHAT 21/0314   657.451 OHO 21-0314BuC 02/02/2022 2 02/02/2022 Libre Accès  


© 2008, Bibliothèques de l'Université d'Abomey-Calavi

04 BP 789 Cotonou, Tél. : +229 21 36 01 01, Fax : +229 21 35 06 32

Courriel : bu@bu.uac.bj